| 000 | 00532nam a2200193 a 4500 | ||
|---|---|---|---|
| 001 | 803 | ||
| 003 | CDMR | ||
| 005 | 20131001105634.0 | ||
| 008 | 130130s1985||||||||||||||||||||||||||||d | ||
| 020 | _a2130389724 | ||
| 040 |
_aCDMR _bcat _cCDMR |
||
| 100 | 1 |
_aLazar, Judith _9630 |
|
| 245 | 1 | 0 | _aEcole, communication, télévision |
| 260 |
_aParis _c1985 _bPresses Universitaires de France |
||
| 490 | 0 |
_aL'Éducateur _v92 |
|
| 650 | 0 | 4 |
_92782 _aTelevisió en l'ensenyament |
| 650 | 0 | 4 |
_91190 _aTelevisió _xAspectes socials |
| 942 |
_cMON _2udc |
||
| 999 |
_c803 _d803 |
||